00854nam a2200241 i 4500001001300000003000900013005001700022008004100039020001500080040003800095041000800133082003300141100003400174245008900208260003900297300002000336490002000356504003200376630004100408655009600449700003300545830003400578000000313158IT-MiSPE20250228100645.0031004s1999 xx 000 b ita c a8839607803 aIT-MiSPEbitacIT-MiSPEdIT-MiSPE aita a227.9-1Gv ORS ma (ppv 23367)1 aOrsatti, Mauro,csac.,d1949-10aSinfonia dell'amore :bintroduzione alla Prima Lettera di Giovanni /cMauro Orsatti. aRoma :bEdizioni Dehoniane,c1999. a199 p. ;c21 cm1 aCollana biblica aBibliografia: pp. [193]-196 aBibliavN.T.xIn Primam Iohannis ep. 7aSacra Scrittura. Studi sul Nuovo TestamentoxGiovanni: Vangelo, Lettere, Apocalisse.2local aOrsatti, Mauro,d1949-esac. 0aBiblica [Edizioni Dehoniane].